000 00415nam a2200157Ia 4500
003 Ost
005 20260225132540.0
008 260225s9999||||xx |||||||||||||| ||und||
040 _cfsic
041 _afre
082 _a341.6
100 _aJ.p. beurier/P. chaumette
_eAuteur
245 0 _aDroit maritimes tome :
245 0 _b3,exploitation et protection de l'oceon /
_cJ.p. beurier/P. chaumette
942 _cكتاب
999 _c33446
_d33446